Регионална библиотека "Любен Каравелов" - Русе

Философска проза (Запис номер 188354)

MARC детайли
000 -Лидер
Контролно поле с фиксирана дължина 01505nam a2200325 c 4500
003 - Код на организацията, давaща контролен номер
Контролно поле BLK
005 - Дата и час на последна редакция
Контролно поле 20220322125910.0
008 - Елементи от данни с фиксирана дължина
fixed length control field 180411b bul|||||r ||||||| ||bul||
010 ## - Наследен системен номер
LC control number KNG00197372000
040 ## - Източник на каталожния запис
Идентификатор на билиотеката - собственик на записа BLK
041 ## - Код за език
Код за езика на текст/звукозапис или на отделно заглавие Български
Код за езика КДБФ Български
080 ## - УДК
Текстов определител УДК Немска литература
УДК код - определител по УДК 821.112.2
УДК определител -4
УДК - код + определител 821.112.2-4
100 1# - Редна дума - Автор
Автор Хайне, Хайнрих
Авторска отговорност първи автор
R(LIN) 366441
139 ## - Редно поле
Редна дума Хайне, Хайнрих
Авторски знак Хаин - Х 21
245 10 - Сведения за заглавието
Заглавие Философска проза
Подзаглавни данни В 2 т.
Редно поле (дума) Хайнрих Хайне; предг., встъп. студия и състав. Исак Соломон Паси; прев. от нем. Страшимир Джамджиев.
Том Т. 1
Заглавие на том За Германия
257 ## - Страна на издаване
Страна на създаване/издаване Германия
260 ## - Област на издателските данни
Име на издателя, разпространителя и проч. Наука и изкуство
Година на издаване 1981
Печатница За том: Плевен : Ал. Пъшев
300 ## - Физическа характеристика
Размери/Мащаб 21 см
380 ## - Жанр
Жанр Худож. лит.
490 ## - СЕРИИ (Колекции)
Име на серия Библиотека Естетика и изкуствознание
9 (RLIN) 202181
500 ## - Общи забележки
Забележка Подбрано от Gesalmmelte Werke in sechs Banden, 1955. - 6 828 тир.
700 1# - Други автори (авторска отговорност)
Лично име Паси, Исак Соломон
Автороска отговорност (Описва отношението между автора и произведението) предг., встъп. студия и състав.
9 (RLIN) 363338
700 1# - Други автори (авторска отговорност)
Лично име Джамджиев, Страшимир
Автороска отговорност (Описва отношението между автора и произведението) прев. от нем.
9 (RLIN) 368533
760 1# - Описание на основната серия
Редна дума на основното описание Хайне, Хайнрих
Място на издаване, издател и година 1981
Страници - том 864 с.
Заглавие Т. 1 За Германия
852 ## - Местоположение
Форматна сигнатура Цб 111455
856 4# - Електронен адрес и достъп
Електронен формат pdf - файл
856 4# - Електронен адрес и достъп
Електронен формат pdf - файл
999 ## - СИСТЕМНИ КОНТРОЛНИ НОМЕРА
Koha biblionumber 188354
Koha biblioitemnumber 188354
942 ## - АРТИКУЛИ
Вид на библиотечния материал Книги
Скрит в OPAC Не
Периодичен библиозапис Да
944 ## - СЪЗДАВАНЕ И РЕДАКЦИЯ на ЗАПИСА
Създаване/Редакция Създаване
Дата на регистрацията/редакция 05.12.2016
Служител, извършил регистрацията/редакцията Грета_Цуфелде
944 ## - СЪЗДАВАНЕ И РЕДАКЦИЯ на ЗАПИСА
Създаване/Редакция Редакция
Дата на регистрацията/редакция 05.12.2016
Служител, извършил регистрацията/редакцията Грета_Цуфелде
999 ## - СИСТЕМНИ КОНТРОЛНИ НОМЕРА
Koha biblioitemnumber 188354
Наличности
Код за отписване Код за изгубен артикул Източник на класификационната схема Код за повреда Коз за рестрикции Код за отдаване Артикулен № Име на библиотеката - собственик Име на библиотеката, в която се намира в момента Статус (Текущо местоположение) Дата на вписване в системата Местоположение - отдел Цена в лева Инвентарен номер Систематично азбучна сигнатура Баркод Номер на екземпляра Цена в евро Служебна бележка Служебен тип на артикула
  Не е изгубен Universal Decimal Classification Не е повреден без рестрикции ползва се в читалня 330223 Регионална библиотека "Любен Каравелов" Русе Регионална библиотека "Любен Каравелов" Русе Хранилище 1981-01-01 Хранилище 6.40 339048 Цб 111455 120000339048 1 3.27 N: стар фонд Дата: 01.01.1981 Книги
  Не е изгубен Universal Decimal Classification Не е повреден без рестрикции заемане за дома 330224 Регионална библиотека "Любен Каравелов" Русе Регионална библиотека "Любен Каравелов" Русе Заемна - подръчен фонд 1981-01-01 Заемна - подръчен фонд 6.40 338869 П 830-4/Х 21 120000338869 2 3.27 N: стар фонд Дата: 01.01.1981; Бележки инв: П2018 Книги
Изтеглен Не е изгубен Universal Decimal Classification Не е повреден без рестрикции заемане за дома 330225 Регионална библиотека "Любен Каравелов" Русе Регионална библиотека "Любен Каравелов" Русе Заемна - подръчен фонд 1981-01-01 Заемна - подръчен фонд 6.40 338870 П 830-4/Х 21 338870 3 3.27 N: стар фонд Дата: 01.01.1981 Книги
Изтеглен Не е изгубен Universal Decimal Classification Не е повреден без рестрикции заемане за дома 330226 Регионална библиотека "Любен Каравелов" Русе Регионална библиотека "Любен Каравелов" Русе Заемна - подръчен фонд 1981-01-01 Заемна - подръчен фонд 6.40 338871 П 830-4/Х 21 338871 4 3.27 N: стар фонд Дата: 01.01.1981 Книги
Изтеглен Не е изгубен Universal Decimal Classification Не е повреден без рестрикции заемане за дома 330227 Регионална библиотека "Любен Каравелов" Русе Регионална библиотека "Любен Каравелов" Русе Заемна - подръчен фонд 1981-01-01 Заемна - подръчен фонд 6.40 338872 П 830-4/Х 21 338872 5 3.27 N: стар фонд Дата: 01.01.1981 Книги
Vip Innovations Ltd, Rousse, Bulgaria 2025